| 000 | 01111nam a2200229 a 4500 | ||
|---|---|---|---|
| 001 | 47821 | ||
| 003 | BD-RjUL | ||
| 005 | 20211209054412.0 | ||
| 008 | 160810s2000 ii ||||| |||| 00| 0 ben d | ||
| 020 |
_a9843109287 _c: Tk.150.00 |
||
| 035 | _a(BD-RjUL)47940 | ||
| 040 |
_aBD-RjUL _bben _cBD-RjUL _dBD-RjUL |
||
| 041 | _aben | ||
| 082 |
_223 _a327.95405492 _bMOB 2000 |
||
| 100 |
_aমোহাম্মদ, হাসান _9145199 |
||
| 245 | 1 | 0 |
_aবাংলাদেশের জাতীয় স্বার্থ ও নিরাপত্তার আলোকে করিডোর ট্রানজিট ট্রান্সশিপমেন্ট / _cহাসান মোহাম্মদ |
| 260 |
_aচট্টগ্রাম : _bইউনিভার্সিটি পাবলিশার্স, _c২০০০. |
||
| 300 |
_a১৩৩ পৃ. : _bচিত্র ; _c২৫ সেমি. |
||
| 651 |
_aভারত _vআন্তর্জাতিক সম্পর্ক _zবাংলাদেশ _9145200 |
||
| 651 |
_aIndia _vForeign relation _zBangladesh _9145201 |
||
| 942 |
_2ddc _cBK _05 |
||
| 999 |
_c47821 _d47821 |
||